000 00406nam a2200181Ia 4500
003 0100
008 130303s9999 xx 000 0 und d
040 _cARRUPELIB
050 _aBF38.M4813
100 _aMerleau-Ponty, Maurice,
245 4 _aThe structure of behavior
260 _aBoston
260 _bBeacon Press
260 _C1963
300 _axxviii
300 _b 256p. 24cm.
942 0 0 _02
999 _c43438
_d43438